000 01256 a2200289 4500
999 _c9342
_d9342
020 _a9781784993283
020 _a178499328X
020 _a9781784993290
020 _a1784993298
050 0 0 _aJC571PEA 2016
100 1 _aPease, Kelly-Kate S.,
_d1965-
_eauthor.
245 1 0 _aHuman rights and humanitarian diplomacy /
_cKelly-Kate Pease.
264 1 _aManchester :
_bManchester University Press,
_c2016.
264 4 _c♭2016
300 _a217 pages ;
500 _aIncludes bibliographical references (pages 200-210) and index.
504 _aIncludes bibliographical references (pages 200-210) and index.
650 0 _aDiplomacy.
650 0 _aHuman rights
_xInternational cooperation.
650 0 _aHumanitarian assistance
_xInternational cooperation.
650 7 _aHuman rights
_xInternational cooperation.
856 4 2 _3Contributor biographical information
_uhttps://www.loc.gov/catdir/enhancements/fy1701/2016288174-b.html
856 4 2 _3Publisher description
_uhttps://www.loc.gov/catdir/enhancements/fy1701/2016288174-d.html
856 4 1 _3Table of contents only
_uhttps://www.loc.gov/catdir/enhancements/fy1701/2016288174-t.html
942 _2lcc
_cBK
_h571
_iPEA
_kJC